000 01105nam a2200217Ia 4500
001 12347
003 GE_BSU
008 181216s||||||||xx |||||||||||||| ||und||
040 _cGE_BSU
080 _a321(47+57)(09)(075.8)+34(47+57)(09)(075.8)
100 _aნადარეიშვილი,გ.
245 _aსაბჭოთა სოციალისტური რესპუბლიკების კავშირის სახელმწიფოსა და სამართლის ისტორია.
245 _cრედ:ნ.კორძაია-სამადაშვილი.
260 _aთბილისი.
260 _bთბილისის უნ-ტის გამ-ბა.
260 _c1986
300 _a474გვ;22სმ.
300 _bპირთა საძიებელი გვ:465.
653 _aსაბჭოთა სოციალისტური რესპუბლიკების კავშირის სახელმწიფოსა და სამართლის ისტორია.
942 _cBK
999 _c45522
_d45522